Statistics for 50 Most Valuable Italian Players

Click here to take the quiz!

General Stats

  • This quiz has been taken 48 times
  • The average score is 25 of 50

Answer Stats

RankValue (€)ClubPlayer% Correct
10€38MLazioCiro Immobile
97%
1€70MJuventusFederico Chiesa
97%
3€65MPSGGianluigi Donnarumma
97%
5€55MPSGMarco Verratti
97%
7€45MChelseaJorginho
94%
6€48MNapoliLorenzo Insigne
94%
2€65MInter MilanNicolo Barella
94%
11€35MTorinoAndrea Belotti
86%
13€35MSassuoloManuel Locatelli
83%
12€35MSassuoloDomenico Berardi
80%
8€40MAS RomaLorenzo Pellegrini
80%
14€35MEvertonMoise Kean
77%
9€40MAS RomaNicolo Zaniolo
74%
4€60MInter MilanAlessandro Bastoni
71%
18€26MAS RomaLeonardo Spinazzola
71%
21€24MNapoliGiovanni Di Lorenzo
66%
19€25MAC MilanAlessio Romagnoli
63%
20€25MAC MilanDavide Calabria
63%
40€13MAS RomaAlessandro Florenzi
57%
24€20MNapoliAlex Meret
57%
17€27MAC MilanSandro Tonali
57%
16€30MAS RomaGianluca Mancini
54%
42€12MSC FreiburgVincenzo Grifo
54%
15€30MNapoliMatteo Politano
49%
27€18MAS RomaBryan Cristante
46%
37€14MChelseaEmerson Palmieri
46%
30€15MJuventusFederico Bernardeschi
46%
47€10MLazioFrancesco Acerbi
46%
28€17MTottenham HotspurPierluigi Gollini
43%
34€15MSassuoloGianluca Scamacca
40%
26€20MAtalantaMatteo Pessina
40%
36€15MSassuoloGiacomo Raspadori
37%
29€15MAtalantaRafael Toloi
34%
31€15MInter MilanRoberto Gagliardini
34%
33€15MHellas VeronaMattia Zaccagni
31%
41€13MInter MilanStefano Sensi
31%
23€20MCagliariAlessio Cragno
29%
48€10MInter MilanFederico Dimarco
29%
22€21MLazioManuel Lazzari
29%
50€9MFiorentinaCristiano Biraghi
23%
38€14MSampdoriaEmil Audero
20%
25€20MFiorentinaGaetano Castrovilli
20%
35€15MBolognaRiccardo Orsolini
20%
32€15MNapoliAndrea Petagna
17%
43€12MSassuoloGian Marco Ferrari
17%
44€12MInter MilanAndrea Pinamonti
14%
49€9MUdineseMarco Silvestri
11%
39€14MTorinoRolando Mandragora
11%
45€10MTorinoArmando Izzo
6%
46€10MBolognaRoberto Soriano
3%

Score Distribution

Percentile by Number Answered

Percent of People with Each Score

Your Score History

You have not taken this quiz